000 00273nam a2200121Ia 4500
008 190216s9999||||xx |||||||||||||| ||und||
100 _aGhosh P.K
245 0 _aOffice Management
260 _bSulthan Chand&Sons
_c1978
300 _a346p
650 _aCommerce
942 _cBK
999 _c5125
_d5125